K otázkám efektivnosti hmotných prvků výrobního procesu : základní fondy a jejich racionální využití : oběžné fondy a jejich racionální využití : materiálně technické zásobování : hospodářská politika KSČ ve stavebnictví /

Korporativní autor: Vysoká škola politická ÚV KSČ
Jazyk: Čeština
Vydáno: Praha : Vysoká škola politická ústředního výboru KSČ, 1978
Fyzický popis: 244 s.
Knihy
Uloženo v:
LEADER 01129nam a22002532a 4500
001 001166351
003 CZ BrMZK
005 20120307093426.0
007 ta
008 110831s1978 xr er|||||||||||cze d
015 |a cnb001003884 
035 |a (OCoLC)85645154 
040 |a ABA001  |b cze  |d ABA001  |d BOA001 
080 9 |a 330.313(075) 
245 0 0 |a K otázkám efektivnosti hmotných prvků výrobního procesu :  |b základní fondy a jejich racionální využití : oběžné fondy a jejich racionální využití : materiálně technické zásobování : hospodářská politika KSČ ve stavebnictví /  |c Vladimír Nohavica 
260 |a Praha :  |b Vysoká škola politická ústředního výboru KSČ,  |c 1978 
300 |a 244 s. 
500 |a Učební texty vysokých škol 
550 |a Vydavatel: Vysoká škola politická Ústředního výboru KSČ v Praze, katedra národohospodářské politiky KSČ 
710 2 |a Vysoká škola politická ÚV KSČ  |7 kn20010710075 
910 |a BOA001  |b 2-0797.595 
990 |a BK 
991 |b 201108 
996 6 |b 2619453183  |c 2-0797.595  |l MZK  |r Sklad / do 1 hodiny  |n 0  |w 001199663  |u 000010  |a 1  |e BOA001  |j MZK50  |s P